Házkutatás-krónika
Elmentve itt :
| Dokumentumtípus: | Cikk |
|---|---|
| Megjelent: |
1983
|
| Sorozat: | Beszélő : politikai és kulturális folyóirat
7 |
| Kulcsszavak: | Politikatudomány, Társadalomtudomány |
| Online Access: | http://misc.bibl.u-szeged.hu/2202 |
| LEADER | 00559nab a2200169 i 4500 | ||
|---|---|---|---|
| 001 | misc2202 | ||
| 005 | 20191106141444.0 | ||
| 008 | 170607s1983 hu o 0|| hun d | ||
| 022 | |a 0865-4093 | ||
| 040 | |a SZTE Miscellanea Repozitórium |b hun | ||
| 041 | |a hun | ||
| 245 | 0 | 0 | |a Házkutatás-krónika |h [elektronikus dokumentum] |
| 260 | |c 1983 | ||
| 300 | |a 132-134 | ||
| 490 | 0 | |a Beszélő : politikai és kulturális folyóirat |v 7 | |
| 695 | |a Politikatudomány, Társadalomtudomány | ||
| 856 | 4 | 0 | |u http://misc.bibl.u-szeged.hu/2202/1/beszelo_007_132-134.pdf |z Dokumentum-elérés |